000 00865nam a2200181Ia 4500
008 090630s9999 xx 000 0 und d
082 _b14948
100 _aप्रा. भिडे र. द.
245 _aप्रारंभिक विद्युत अभियांत्रकिी.
_cप्रा. भिडे र. द.
260 _bमहाराष्ट्र विद्यापीठ ग्रंथनिर्मिती मंडळ - नागपूर.
_c1980
300 _a375
600 _aप्रा. भिडे र. द.
630 _aप्रारंभिक विद्युत अभियांत्रकिी.
655 _aइतर.
700 _aप्रा. भिडे र. द.
730 _aप्रारंभिक विद्युत अभियांत्रकिी.
942 _cBOOK
999 _c266804
_d266804